[Event "HCL-B224"]
[Site "www.playchess.de"]
[Date "2001.04.19"]
[Round "16"]
[White "Bauernopfer"]
[Black "sonnygarcia"]
[WhiteElo "1336"]
[BlackElo "1124"]
[PlyCount "89"]
[Result "1-0"]

1.e4 {And our third game. :-)}  e6 {i enjoy 
playing with you..}  2.Nf3 {.}  d5 3.Nc3 d4 4.Ne2 
c5 5.d3 Nf6 6.Bg5 Be7 7.c3 Nc6 8.cxd4 cxd4 9.Qa4 
Bd7 10.Nfxd4 Qb6 11.b3 Ne5 12.Bxf6 Bxa4 13.Bxe5 
Qb4+ 14.Kd1 Bb5 15.a3 Qc5 16.Bxg7 Rg8 17.Rc1 Qb6 
18.Nc3 Rxg7 19.Ncxb5 Bc5 20.b4 Bxd4 21.Nc7+ Ke7 
22.Nxa8 Qa6 23.f4 Qxa3 24.Rc2 Qxb4 25.g3 Rg8 
26.Nc7 Rc8 27.Nd5+ exd5 28.Rxc8 Bc3 29.Ke2 Qb2+ 
30.Kf3 dxe4+ 31.dxe4 Qa1 32.Bg2 Qa3 33.Rb1 Bd4+ 
34.Kg4 b6 35.Rbc1 Bc5 36.Rd1 Kf6 37.e5+ Kg7 
38.Rdd8 Bf8 39.Rdxf8 {???}  Qxf8 40.Rxf8 {.}  Kxf8 
41.Kf5 a5 42.Kf6 b5 43.Bd5 b4 44.Bxf7 a4 45.e6 
{mate in 1}  1-0

[Event "HCL-A101"]
[Site "www.playchess.de"]
[Date "2001.04.19"]
[Round "19"]
[White "mrchess"]
[Black "Eaglewingz"]
[WhiteElo "1558"]
[BlackElo "1428"]
[PlyCount "71"]
[Result "1-0"]

1.d4 d5 2.c4 c6 3.cxd5 cxd5 4.Nc3 Nf6 5.Bf4 Nc6 
6.e3 e6 7.Nf3 Be7 8.a3 a6 9.Bd3 O-O 10.Rc1 Nh5 
11.Bg3 Nxg3 12.hxg3 g6 13.Ke2 Bf6 14.Rh2 e5 
15.dxe5 Nxe5 16.Qc2 Nxd3 17.Qxd3 Be6 18.Nd4 Qd7 
19.Rch1 h5 20.Nxe6 Qxe6 21.Nxd5 Rac8 22.Nxf6+ Qxf6 
23.Qb1 Qe5 24.Rd1 Qb5+ 25.Ke1 Rfd8 26.Rxd8+ Rxd8 
27.Rh4 Qc5 28.Rb4 b5 29.Rf4 Rd6 30.Kf1 f5 31.Kg1 
Rd2 32.e4 Rc2 33.Qa2+ Qc4 34.Qxc4+ Rxc4 35.exf5 
Rxf4 36.gxf4 1-0

[Event "HCL-C230"]
[Site "www.playchess.de"]
[Date "2001.04.19"]
[Round "7"]
[White "hercos"]
[Black "flywheel"]
[WhiteElo "1000"]
[BlackElo "1207"]
[PlyCount "47"]
[Result "1-0"]

1.e4 e5 2.Nf3 Nc6 3.d4 exd4 4.Nxd4 Nxd4 5.Qxd4 d5 
6.exd5 Qe7+ 7.Be3 Qb4+ 8.Nd2 Qxd4 9.Bxd4 Bb4 
10.Bxg7 Bg4 11.Bxh8 f6 12.Bd3 O-O-O 13.h3 Bh5 
14.g4 Bg6 15.Bxg6 {hi, what do you do ?}  hxg6 
{Hello, Iwork on and with computers.}  16.O-O-O 
Rxd5 17.Ne4 Re5 18.Nxf6 Nxf6 19.Bxf6 Re8 20.f4 a5 
21.h4 Re4 22.Rd4 Bd2+ 23.Kxd2 Re6 
24.Rd8+ 1-0

[Event "HCL-C231"]
[Site "www.playchess.de"]
[Date "2001.04.19"]
[Round "1"]
[White "lostpawn2000"]
[Black "qwertyguy"]
[WhiteElo "1533"]
[BlackElo "1000"]
[PlyCount "79"]
[Result "1-0"]

1.d4 d5 {Hello}  2.c4 {greetings from cleveland  
ohio and gl}  e6 {Have a good day}  3.cxd5 exd5 
4.Nc3 Be6 5.Qb3 Nf6 6.Qxb7 Nbd7 7.Nf3 Rb8 8.Qxa7 
c5 9.Qa6 Ra8 10.Qd3 c4 11.Qc2 Bb4 12.Bg5 Qb8 
13.Nd2 h6 14.Bxf6 Nxf6 15.e3 Qc8 16.Be2 Bf5 17.Qd1 
Qb7 18.O-O Bd6 19.b3 cxb3 20.axb3 Bb8 21.e4 dxe4 
22.Bc4 Qc7 23.g3 Ba7 24.Nb5 Qe7 25.Re1 Qb7 26.Nd6+ 
Kf8 27.Nxb7 Nd7 28.Nxe4 Bxe4 29.Rxe4 Nf6 30.Re5 g6 
31.Rea5 Kg7 32.R5xa7 Rxa7 33.Rxa7 Rf8 34.Nd6 h5 
35.Nxf7 Rxf7 36.Rxf7+ Kh8 37.Qa1 Ne8 38.d5+ Nf6 
39.Qxf6+ Kg8 {you win}  40.Qg7+ 1-0

[Event "HCL-A100"]
[Site "www.playchess.de"]
[Date "2001.04.19"]
[Round "16"]
[White "mgwili"]
[Black "Kasparovjr"]
[WhiteElo "1900"]
[BlackElo "1720"]
[PlyCount "67"]
[Result "1/2-1/2"]

1.e4 {hi. how r u? am from zim. 25yrs. m. u?}  c5 
{Welcome to the club, finally a sicilian, every 
other has opened with d4 against me in this 
tournamen}  2.Nf3 {thks. i like sicillian!}  d6 
3.d4 {how was your weekend?}  cxd4 {No hangover at 
least. Are you really from Zimbabve or are you 
just faking like so many others?}  4.Nxd4 {yebo! i 
am from zim. my real name is fortune sibanda. why 
wud i lie?}  Nf6 {Some people just think its funny 
to say they are from colourful countries. How is 
it down there?}  5.Nc3 {i dunno what u mean by 
"colourful countries" but zw's country like any 
other: nice @ times,boring @}  a6 {I meant nice 
country with good climate, not cold and icy like 
Norway.}  6.Bd3 e5 {Do you like sicilians?}  7.Nf3 
{its a good defence.}  h6 8.Be3 Be6 9.Qd2 Be7 
10.h3 O-O 11.Bxh6 gxh6 {I have to admit that this 
was a surprise!}  12.Qxh6 {i play such silly moves 
@ times: that's the bad thing abt my game.}  Re8 
{Well, you sure get an attack, but I am not sure 
if there is enough compensation.....}  13.Qg5+ 
{its just that i do not play a lot of these 
high-level games....}  Kh8 14.Qh6+ {how was your 
weekend? mine was boring: has a lot of assignments 
2 do}  Nh7 {I have 7 exams waiting, but instead of 
studying I find myself playing chess, which is a 
lot more fun}  15.h4 {true that, i also play a lot 
of chess, especially when i have schoolwork 2 do!} 
 Bf8 16.Qe3 Nd7 17.Ng5 Nc5 {Your attack is 
surprisingly strong.}  18.O-O-O {it's just 
desperate pressure that's all.}  Nxd3+ 19.Rxd3 Qf6 
20.Kb1 Red8 {Glad to hear that.}  21.g3 b5 22.Rf1 
Bg7 23.f4 exf4 {Critical moment.}  24.Rxf4 {sure. 
u hate such situations.}  Qg6 {Nope, I like them}  
25.Nd5 {u like chess a lot don't u? if only i have 
more practice with pple like u more often.}  Bxd5 
26.Rxd5 f6 27.Ne6 Bh6 28.Nxd8 Bxf4 29.Nf7+ Qxf7 
30.Qxf4 Re8 {Your attack is finally over.}  
31.Rxd6 Qc4 32.b3 Qxe4 33.Qxe4 Rxe4 
34.Rxa6 1/2-1/2

[Event "HCL-C234"]
[Site "www.playchess.de"]
[Date "2001.04.19"]
[Round "21"]
[White "ionutz"]
[Black "fossa"]
[WhiteElo "1330"]
[BlackElo "836"]
[PlyCount "46"]
[Result "0-1"]

1.e4 {hallo}  e6 2.d4 c5 3.Nf3 Nf6 4.e5 Nd5 5.c4 
Nb6 6.Nc3 Nc6 7.d5 Ne7 8.d6 Nf5 9.Nb5 Nxd6 10.exd6 
h6 11.Nc7+ Qxc7 12.dxc7 Be7 13.a4 d6 14.Be2 e5 
15.O-O Be6 16.Bd2 Rc8 17.b4 Rxc7 18.a5 Nxc4 19.b5 
O-O 20.Qc2 Nxd2 21.Nxd2 Bf6 22.b6 axb6 23.axb6 
Rcc8 0-1

[Event "HCL-E039"]
[Site "www.playchess.de"]
[Date "2001.04.19"]
[Round "33"]
[White "GOUSGOUNIS"]
[Black "Zynaps"]
[WhiteElo "2445"]
[BlackElo "2000"]
[PlyCount "45"]
[Result "1/2-1/2"]

1.e4 c6 2.d4 {good luck! I hope to play a nice 
game}  d5 {I hope we both play a good game}  3.e5 
Bf5 4.Nf3 e6 5.Be2 c5 6.O-O Nc6 7.c3 cxd4 8.cxd4 
Bb4 9.a3 Ba5 10.b4 Bb6 11.Nc3 Nge7 12.b5 Na5 
13.Na4 Rc8 14.Nxb6 Qxb6 15.Bg5 Be4 16.Bxe7 Kxe7 
17.Qa4 Bxf3 18.Qb4+ Kd7 19.gxf3 Rc7 20.Rfd1 Rhc8 
21.Bd3 g6 22.Kh1 R7c3 23.Rab1 1/2-1/2

[Event "HCL-A104"]
[Site "www.playchess.de"]
[Date "2001.04.19"]
[Round "7"]
[White "Drawmaster"]
[Black "RB"]
[WhiteElo "1261"]
[BlackElo "1700"]
[PlyCount "20"]
[Result "0-1"]

1.c4 e5 2.Nc3 Nf6 3.g3 Bb4 4.Qc2 O-O 5.a3 Bxc3 
6.Qxc3 d5 7.Bg2 d4 8.Qc2 a5 9.d3 Re8 10.Nf3 
c5 0-1

[Event "HCL-C241"]
[Site "www.playchess.de"]
[Date "2001.04.19"]
[Round "26"]
[White "ve7wln"]
[Black "Trickster"]
[WhiteElo "1266"]
[BlackElo "904"]
[PlyCount "45"]
[Result "1-0"]

1.d4 d5 2.c4 e6 3.Nc3 Bb4 4.Qc2 Bd7 5.e3 Nc6 6.Bd3 
Nf6 7.Nf3 Qe7 8.O-O Qd6 9.Nb5 Qf8 10.Nxc7+ Ke7 
11.Nxa8 Qxa8 12.cxd5 exd5 13.a3 Ba5 14.Ne5 Nxe5 
15.dxe5 Ne4 16.Bxe4 Rc8 17.Qd1 Bb5 18.Bd3 a6 
19.Bxb5 axb5 20.Qxd5 Rd8 21.Qc5+ Kd7 22.e4 Qa6 
23.Rd1+ 1-0

[Event "HCL-B251"]
[Site "www.playchess.de"]
[Date "2001.04.19"]
[Round "6"]
[White "Dlastdon"]
[Black "O_Man"]
[WhiteElo "1339"]
[BlackElo "1167"]
[PlyCount "90"]
[Result "1/2-1/2"]

1.c4 e5 2.Nc3 f5 3.e4 d6 4.exf5 Bxf5 5.Qf3 Qf6 
6.Nd5 Qf7 7.Ne3 g6 8.Nh3 Bh6 9.g4 e4 10.Qd1 Be6 
11.g5 Bg7 12.Bg2 Nc6 13.O-O Be5 14.f3 Bxh3 15.Bxh3 
Qf4 16.Qe2 Qxg5+ 17.Qg2 Qxg2+ 18.Kxg2 exf3+ 
19.Rxf3 Nd4 20.Rf1 Nf6 21.Nd5 Nxd5 22.cxd5 Rg8 
23.d3 g5 24.Bg4 Ke7 25.Bh5 Raf8 26.Rxf8 Rxf8 
27.Bxg5+ Bf6 28.Re1+ Kd8 29.Bxf6+ Rxf6 30.Re8+ Kd7 
31.Rh8 c6 32.Rxh7+ Kd8 33.dxc6 bxc6 34.Rxa7 Nc2 
35.a4 Ne3+ 36.Kh3 Rf2 37.Ra8+ Kc7 38.a5 Nf1 
39.Ra7+ Kb8 40.Rd7 Rxh2+ 41.Kg4 Ne3+ 42.Kg5 Rg2+ 
43.Kf6 Nd5+ 44.Kf7 Rf2+ 45.Kg7 
Nf4 1/2-1/2

[Event "HCL-B252"]
[Site "www.playchess.de"]
[Date "2001.04.19"]
[Round "1"]
[White "Dlastdon"]
[Black "patharp"]
[WhiteElo "1339"]
[BlackElo "1180"]
[PlyCount "74"]
[Result "0-1"]

1.c4 e6 2.Nc3 Bb4 3.e4 b6 4.g3 Bb7 5.Bg2 Nf6 6.d3 
Bxc3+ 7.bxc3 c5 8.Nh3 d6 9.Bg5 h6 10.Bxf6 gxf6 
11.O-O Nd7 12.Qg4 Qe7 13.Qg7 Qf8 14.Qxf8+ Rxf8 
15.Bf3 f5 16.Rae1 fxe4 17.Bxe4 Bxe4 18.Rxe4 O-O-O 
19.a4 Ne5 20.d4 Nf3+ 21.Kg2 Nd2 22.Ree1 Nxf1 
23.Rxf1 e5 24.d5 Rd7 25.Rb1 f5 26.Rb5 Rg8 27.a5 
bxa5 28.Rxa5 Kb8 29.f3 Rb7 30.Ra2 Rb3 31.Rc2 Rg7 
32.Nf2 Rgb7 33.Nd3 a5 34.Nc1 R3b2 35.Rxb2 Rxb2+ 
36.Kh3 a4 37.Kh4 Rxh2+ 0-1

[Event "ACL-A133"]
[Site "www.playchess.de"]
[Date "2001.04.19"]
[Round "7"]
[White "chucaniam"]
[Black "raqueldouve"]
[WhiteElo "1758"]
[BlackElo "1500"]
[PlyCount "36"]
[Result "0-1"]

1.d4 d5 2.c4 c6 3.Nc3 dxc4 4.e4 b5 5.a4 Ba6 6.axb5 
cxb5 7.Nf3 Qb6 8.Be3 e6 9.b3 cxb3 10.Qxb3 b4 11.d5 
Bxf1 12.Bxb6 Bxg2 13.Nb5 Bxh1 14.Nc7+ Kd7 15.Ne5+ 
Ke7 16.Qxb4+ Kf6 17.Qxf8 Kxe5 18.Qxg7+ 
Kxe4 0-1

[Event "HCL-B226"]
[Site "www.playchess.de"]
[Date "2001.04.19"]
[Round "9"]
[White "pj287"]
[Black "ciceradecarvalho"]
[WhiteElo "1200"]
[BlackElo "1200"]
[PlyCount "129"]
[Result "1-0"]

1.c4 e5 2.e4 Nf6 3.d3 c6 4.Nc3 d5 5.cxd5 cxd5 
6.Bg5 d4 7.Nd5 Qa5+ 8.Bd2 Qd8 9.Nxf6+ Qxf6 10.Nf3 
h6 11.Be2 Nc6 12.O-O Be7 13.a3 O-O 14.b4 b5 15.Qb3 
Be6 16.Qb2 Rac8 17.Rac1 Rc7 18.Rc2 Rfc8 19.Rfc1 
Bd8 20.h3 Qe7 21.Nh2 a6 22.f4 f6 23.f5 Bf7 24.Rf1 
Qe8 25.Rf3 Ne7 26.Rxc7 Rxc7 27.Rf1 Nc6 28.g4 Qd7 
29.Nf3 Qc8 30.Rc1 Nb8 31.Rxc7 {Not at this time. 
I'd like to see how the next 10-15 moves go.}  
Qxc7 32.h4 Nd7 33.h5 Nb6 34.Bd1 Kh8 35.Nh4 Be7 
36.Bb3 Bf8 37.Bxf7 Qxf7 38.Qc2 Bd6 39.Qc6 Qc7 
40.Qe8+ Kh7 41.Qg6+ Kh8 42.Bxh6 gxh6 43.Qxf6+ Kg8 
44.Qxh6 Qg7 45.Qe6+ Kh7 46.Ng6 Qh6 47.Kg2 Qd2+ 
48.Kh3 Qxd3+ 49.Kh4 Qc4 50.Qxd6 Qf7 51.Qxe5 Qg7 
52.f6 Nd7 53.fxg7 Nxe5 54.Nxe5 Kxg7 55.Kg5 Kf8 
56.Kg6 Ke7 57.h6 Kd6 58.Nd3 a5 59.h7 axb4 60.axb4 
Ke6 61.h8Q {%}  Ke7 62.Qf6+ Ke8 63.Qf7+ Kd8 64.Nc5 
d3 65.Qd7+ 1-0

[Event "HCL-B259"]
[Site "www.playchess.de"]
[Date "2001.04.19"]
[Round "5"]
[White "andersonmello"]
[Black "scd119"]
[WhiteElo "1200"]
[BlackElo "1898"]
[PlyCount "64"]
[Result "0-1"]

1.e4 e5 2.Nf3 Nc6 3.Bb5 a6 4.Bxc6 dxc6 5.Nc3 f6 
6.d4 exd4 7.Qxd4 Qxd4 8.Nxd4 Bd6 9.O-O Ne7 10.Bd2 
Bd7 11.Rfe1 O-O-O 12.Nf3 Bg4 13.Nd4 Bxh2+ 14.Kxh2 
Rxd4 15.Be3 Rc4 16.f3 Be6 17.Rad1 Ng6 18.Rd2 Ne5 
19.Red1 c5 20.Nd5 Bxd5 21.R2xd5 Rxc2 22.R1d2 Rxd2 
23.Bxd2 Rd8 24.Rxd8+ Kxd8 25.Bc3 Nd3 26.Kg1 b5 
27.a3 b4 28.Bd2 a5 29.axb4 cxb4 30.Kf1 Nxb2 31.Bc1 
Nd3 32.Bd2 b3 0-1

[Event "HCL-A112"]
[Site "www.playchess.de"]
[Date "2001.04.19"]
[Round "7"]
[White "chessnut"]
[Black "One_i"]
[WhiteElo "2114"]
[BlackElo "1726"]
[PlyCount "55"]
[Result "1-0"]

1.c4 Nf6 2.g3 g6 3.Bg2 Bg7 4.Nc3 O-O 5.e4 d6 
6.Nge2 c5 7.O-O Nc6 8.d3 a6 9.h3 Rb8 10.f4 Ne8 
11.Be3 Nd4 12.Rc1 b5 13.cxb5 axb5 14.b4 Nc7 
15.bxc5 dxc5 16.e5 Bb7 17.Ne4 Bxe4 18.dxe4 Nxe2+ 
19.Qxe2 c4 20.a4 Qd3 21.Qxd3 cxd3 22.Rxc7 b4 23.a5 
b3 24.a6 b2 25.Rb1 Rfd8 26.Rb7 d2 27.Rxb8 Rxb8 
28.Bxd2 1-0

[Event "HCL-B255"]
[Site "www.playchess.de"]
[Date "2001.04.19"]
[Round "8"]
[White "roland"]
[Black "orange"]
[WhiteElo "1500"]
[BlackElo "1119"]
[PlyCount "49"]
[Result "1-0"]

1.e4 {Hi & good luck}  c5 {thanks & you.}  2.Nf3 
d6 3.d4 cxd4 4.Nxd4 {your fast}  Nf6 {it lunch 
time. time for chess}  5.Nc3 g6 6.Be3 Bg7 7.f3 O-O 
8.Qd2 Nc6 9.O-O-O Nxd4 10.Bxd4 Be6 11.h4 Qa5 12.a3 
a6 13.g4 b5 14.Qe3 Qc7 15.h5 h6 16.hxg6 Rfb8 17.g5 
hxg5 {your pawn storm is killing me.}  18.Qxg5 Kf8 
19.e5 {they can indeed be nasty -- I'm surprised 
how fast they are in this game}  dxe5 20.Bxe5 Qc6 
21.Rh7 Nxh7 22.Bxg7+ Kxg7 23.gxh7+ Kxh7 24.Bd3+ f5 
{your finish is very good. how you activate all 
those pieces. cleaver rook move. thks for game}  
25.Rh1+ {thanks for the game. for once,  things 
just fell into place}  1-0

[Event "ACL-A138"]
[Site "www.playchess.de"]
[Date "2001.04.19"]
[Round "12"]
[White "Bastian1"]
[Black "Mathew_Cooke"]
[WhiteElo "1500"]
[BlackElo "1500"]
[PlyCount "30"]
[Result "0-1"]

1.e4 {emma1@t-online.de}  c5 {hi}  2.Nc3 e6 3.Nf3 
d5 4.exd5 exd5 5.d4 Nf6 6.dxc5 Bxc5 7.Bg5 Bb4 
8.Qd4 Nc6 9.Bxf6 Nxd4 10.Bxd8 Bxc3+ 11.Kd1 Bxb2 
12.Rb1 Nxf3 13.Rxb2 Nxh2 14.Rxh2 Kxd8 15.Rh5 
Bg4+ 0-1

[Event "ACL-A138"]
[Site "www.playchess.de"]
[Date "2001.04.19"]
[Round "17"]
[White "Mathew_Cooke"]
[Black "Zynaps"]
[WhiteElo "1500"]
[BlackElo "1718"]
[PlyCount "37"]
[Result "1/2-1/2"]

1.d4 d5 2.Nf3 Nf6 3.Bf4 Bf5 4.e3 e6 5.c3 Nbd7 
6.Bd3 Bxd3 7.Qxd3 c5 8.Nbd2 Qb6 9.O-O Rc8 10.a4 
cxd4 11.exd4 Qxb2 12.Rfb1 Qxc3 13.Qxc3 Rxc3 
14.Rxb7 a6 15.Rab1 Be7 16.Ne5 Nxe5 17.Bxe5 Nd7 
18.Bxg7 Rg8 19.Bh6 1/2-1/2

[Event "ACL-A121"]
[Site "www.playchess.de"]
[Date "2001.04.19"]
[Round "7"]
[White "didiet68"]
[Black "Matti"]
[WhiteElo "1500"]
[BlackElo "1500"]
[PlyCount "55"]
[Result "1-0"]

1.e4 {hi...}  c6 {hi back...}  2.d4 {where are u 
from..??}  d5 {Erzhausen (near Darmstadt)}  3.Nc3 
dxe4 4.Nxe4 Bf5 5.Ng3 {how old..and what do you do 
in living.?}  Bg6 {23, clerk}  6.Nf3 Nf6 7.c3 e6 
8.Qb3 b6 9.Ne5 Bd6 10.Bf4 Nd5 11.Nxg6 hxg6 12.Bxd6 
Qxd6 13.Be2 Nf4 14.Bf3 Nd7 15.Ne4 Qe7 16.g3 Nd5 
17.Qa4 Nb8 18.O-O-O b5 19.Qa5 Nd7 20.Qa6 N7b6 
21.h4 O-O 22.h5 gxh5 23.Rxh5 g6 24.Rh4 f5 25.Rdh1 
Nf6 26.Nxf6+ Qxf6 27.Bxc6 Rac8 
28.Qxa7 1-0

[Event "ACL-A137"]
[Site "www.playchess.de"]
[Date "2001.04.19"]
[Round "18"]
[White "richard"]
[Black "plobi"]
[WhiteElo "1805"]
[BlackElo "1469"]
[PlyCount "65"]
[Result "1-0"]

1.e4 Nf6 2.e5 Nd5 3.d4 d6 4.Nf3 Bg4 5.Be2 e6 6.O-O 
Nc6 7.c4 Nf4 8.Bxf4 {??????????}  dxe5 9.dxe5 Bc5 
10.Nc3 Nd4 11.Nxd4 Bxd4 12.Bxg4 O-O 13.Qb3 Qh4 
14.h3 f5 15.g3 Qe7 16.Bf3 Qc5 17.Ne2 b6 18.Nxd4 
Qxd4 19.Rad1 Qc5 20.Bxa8 Rxa8 21.Rd7 {you need a 
miracle to survive}  a5 {thanks! I know ...}  
22.Qb5 {I do not grant miracles, sorry}  Qf8 {me 
too, but normaly I don't give up (but it looks bad 
...)!}  23.Rfd1 {play on if you prefer to}  Rc8 
24.Bg5 {I recommend Fritz6}  c6 {thanks, but 
playing with a chessprogramm is chicken 
hearted!!!!}  25.Qxb6 {no. it teaches. or, go HCL 
not ACL}  h6 {look at my stastiks!! but if you 
play a lot of games in the same time, mistakes can 
happen!}  26.R7d8 {Fritz can make you even better} 
 Rxd8 {sure, but I'm not a tournament-player! I 
play just for fun ...}  27.Rxd8 {But this is a 
tournament}  Qxd8 {oh dear, what do I there ???? 
ah, just shut up and be happy about your victory!} 
 28.Bxd8 {In case you were going to resign, let me 
wish you auf viter sein}  Kh7 29.Qxc6 a4 30.Qxe6 
a3 31.Qxf5+ g6 32.Qf7+ {mate in one. see ya next 
time.}  Kh8 {maybe! but gratulations for your 
victory!}  33.Bf6+ 1-0

[Event "HCL-B266"]
[Site "www.playchess.de"]
[Date "2001.04.19"]
[Round "5"]
[White "player27"]
[Black "BvB09"]
[WhiteElo "1443"]
[BlackElo "1500"]
[PlyCount "67"]
[Result "1-0"]

1.Nf3 {*handshake* gutes Spiel}  Nc6 2.c4 e5 3.Nc3 
Bb4 4.Qc2 Nd4 5.Nxd4 exd4 6.Nb5 c5 7.Qe4+ Qe7 
8.Qf4 Kf8 9.Nxa7 Rxa7 10.Qb8 Ra4 11.b3 Ra5 
12.Qxc8+ Qe8 13.Qxb7 Nf6 14.g3 Qa8 15.Qxa8+ Rxa8 
16.Bg2 Re8 17.Kd1 Ne4 18.Bxe4 Rxe4 19.d3 Re6 20.a4 
Ke7 21.Ba3 Bxa3 22.Rxa3 Rb8 23.a5 Ra6 24.Kd2 Rba8 
25.Rha1 Rh6 26.a6 Rxh2 27.a7 Rxf2 28.R3a5 Rg2 
29.Rb5 Rxg3 30.Rb8 Rxa7 31.Rxa7 h5 32.Rbb7 f5 
33.Rbxd7+ Kf6 34.Rdf7+ 1-0

[Event "HCL-B266"]
[Site "www.playchess.de"]
[Date "2001.04.19"]
[Round "11"]
[White "Iron_Flower"]
[Black "PieceSeeker"]
[WhiteElo "1110"]
[BlackElo "1269"]
[PlyCount "32"]
[Result "0-1"]

1.d4 {Hi, from Leeuwarden, the Netherlands}  d5 
{good luck!}  2.c4 e6 3.Nc3 c5 4.dxc5 Nf6 5.cxd5 
Nxd5 6.Nxd5 exd5 7.Nf3 Bxc5 8.e3 O-O 9.Be2 Nc6 
10.O-O Re8 11.Bd2 Qb6 12.Rc1 Bf5 13.Qe1 d4 14.exd4 
Bxd4 15.Nxd4 Nxd4 16.Ba5 Qxb2 0-1

[Event "HCL-C264"]
[Site "www.playchess.de"]
[Date "2001.04.19"]
[Round "5"]
[White "guigao"]
[Black "DJFisherman"]
[WhiteElo "1425"]
[BlackElo "1000"]
[PlyCount "33"]
[Result "1-0"]

1.Nf3 f5 2.Nc3 Nf6 3.d4 e6 4.Bg5 Bb4 5.e3 d6 6.Be2 
Nc6 7.O-O Bxc3 8.bxc3 O-O 9.Bc4 a6 10.a4 h6 11.Bh4 
g5 12.Nxg5 hxg5 13.Bxg5 Qe7 14.Qf3 Qg7 15.Bxf6 
Rxf6 16.a5 Qg4 17.Qg3 1-0

[Event "ACL-A142"]
[Site "www.playchess.de"]
[Date "2001.04.19"]
[Round "2"]
[White "chucaniam"]
[Black "Gutovsky"]
[WhiteElo "1669"]
[BlackElo "1500"]
[PlyCount "22"]
[Result "0-1"]

1.e4 c5 2.Nf3 d6 3.d4 cxd4 4.Nxd4 Nf6 5.Nc3 a6 
6.Bg5 e6 7.Be2 Be7 8.Qd2 b5 9.a3 Bb7 10.O-O-O Nxe4 
11.Nxe4 Bxe4 0-1

[Event "HCL-E037"]
[Site "www.playchess.de"]
[Date "2001.04.19"]
[Round "4"]
[White "P1902"]
[Black "suffix"]
[WhiteElo "1996"]
[BlackElo "1939"]
[PlyCount "95"]
[Result "1/2-1/2"]

1.d4 d5 2.Nf3 Bf5 3.Bg5 h6 4.Bf4 Nf6 5.Nbd2 e6 
6.e3 Nbd7 7.c4 c6 8.Qb3 Qb6 9.c5 Qxb3 10.axb3 a6 
11.b4 Rc8 12.Be2 Be7 13.O-O Bd8 14.Nb3 Bc7 15.Ne5 
Nxe5 16.Bxe5 Bxe5 17.dxe5 Nd7 18.f4 f6 19.exf6 
Nxf6 20.Nd4 O-O 21.h3 Rce8 22.g4 Bh7 23.Nf3 Nd7 
24.Nh4 e5 25.g5 hxg5 26.fxg5 Rxf1+ 27.Rxf1 Nf8 
28.Bh5 g6 29.Bg4 Ne6 30.Bxe6+ Rxe6 31.Nf3 Kg7 
32.Rd1 Re7 33.Kg2 Bg8 34.Kg3 Be6 35.h4 Bc8 36.Rd2 
e4 37.Nd4 Rf7 {interesting game, thanks...  but 
now ---  draw}  38.Rf2 Rxf2 39.Kxf2 Kf7 40.Kg3 Ke7 
41.Kf4 Bd7 42.Ke5 Bg4 43.Nb3 Bd7 44.Na5 Bc8 45.b3 
Kf7 46.Kd6 Kf8 47.Ke5 Ke7 48.b5 1/2-1/2

[Event "HCL-B268"]
[Site "www.playchess.de"]
[Date "2001.04.19"]
[Round "2"]
[White "chucaniam"]
[Black "Gyr"]
[WhiteElo "1366"]
[BlackElo "1589"]
[PlyCount "26"]
[Result "0-1"]

1.e4 c5 2.Nf3 d6 3.d4 cxd4 4.Nxd4 Nf6 5.Nc3 g6 
6.Bg5 Bg7 7.Bc4 h6 8.Bh4 O-O 9.Qd2 Nbd7 10.O-O-O 
Ne5 11.Bb3 g5 12.Bg3 a6 13.Qe1 
Nh5 0-1

[Event "HCL-B268"]
[Site "www.playchess.de"]
[Date "2001.04.19"]
[Round "4"]
[White "Gyr"]
[Black "Franky"]
[WhiteElo "1589"]
[BlackElo "1786"]
[PlyCount "58"]
[Result "0-1"]

1.c4 Nf6 2.g3 g6 3.Bg2 Bg7 4.Nc3 d6 5.d3 O-O 6.Bg5 
h6 7.Bd2 e5 8.e4 c6 9.Nge2 a5 10.O-O Nbd7 11.Rb1 
Re8 12.f4 Qb6+ 13.Kh1 Ng4 14.Be1 exf4 15.Rxf4 Nde5 
16.h3 Ne3 17.Qd2 g5 18.Rf2 Qa7 19.b3 g4 20.h4 Be6 
21.Kh2 Nxg2 22.Kxg2 Nf3 23.Qc1 d5 24.exd5 cxd5 
25.Nb5 Qc5 26.Bc3 d4 27.Bb2 Bd7 28.Ba3 Qc6 29.Kf1 
Ne5 0-1

[Event "HCL-B275"]
[Site "www.playchess.de"]
[Date "2001.04.19"]
[Round "1"]
[White "Matu"]
[Black "vijal"]
[WhiteElo "1563"]
[BlackElo "740"]
[PlyCount "69"]
[Result "1-0"]

1.Nf3 Nc6 2.g3 e5 3.d3 Bc5 4.Bg2 d5 5.O-O Nf6 
6.Nbd2 Be6 7.b3 O-O 8.Bb2 d4 9.Ng5 h6 10.Nxe6 fxe6 
11.a4 a6 12.Bxc6 bxc6 13.Nc4 Qd5 14.e4 dxe3 
15.Nxe3 Bxe3 16.fxe3 Rad8 17.Qd2 Ne4 18.Qg2 Ng5 
19.Qxd5 Rxd5 20.Rxf8+ Kxf8 21.Rf1+ Ke7 22.Ba3+ c5 
23.e4 Rd8 24.Bxc5+ Kd7 25.h4 Nh7 26.Rf7+ Kc6 
27.Rxg7 Nf8 28.Bxf8 Rxf8 29.Rg6 Rh8 30.Rxe6+ Kb7 
31.Rxe5 Rh7 32.g4 Rg7 33.g5 hxg5 34.hxg5 Kc8 
35.Kg2 1-0

[Event "ACL-A140"]
[Site "www.playchess.de"]
[Date "2001.04.19"]
[Round "2"]
[White "hercos"]
[Black "conan"]
[WhiteElo "1500"]
[BlackElo "1500"]
[PlyCount "23"]
[Result "1/2-1/2"]

1.e4 c6 2.d4 d5 3.Nc3 {Hi, what do you do ?}  dxe4 
{hi good luck my friend!}  4.Nxe4 {Hi, good luck 
too. Why Conan ? Because the Schwarzeneger film ?} 
 Bf5 {yes good luck to you!}  5.Ng3 Bg6 6.h4 {How 
old are you ?}  h6 7.Nf3 Nd7 {38}  8.h5 Bh7 9.Bd3 
Bxd3 10.Qxd3 Qc7 11.Be3 Ngf6 12.O-O-O 1/2-1/2

[Event "HCL-B273"]
[Site "www.playchess.de"]
[Date "2001.04.19"]
[Round "22"]
[White "Matu"]
[Black "alaa"]
[WhiteElo "1563"]
[BlackElo "1200"]
[PlyCount "31"]
[Result "1-0"]

1.e4 e5 2.Nf3 Bd6 3.d4 Qe7 4.Nc3 Nf6 5.Bg5 O-O 
6.Nd5 Qe6 7.Nxf6+ gxf6 8.Bh6 Re8 9.d5 Qg4 10.Bd3 
Bc5 11.Qd2 Kh8 12.h3 Qxg2 13.Rg1 Qxf3 14.Bg7+ Kg8 
15.Bxf6+ Kf8 16.Qh6+ 1-0

[Event "HCL-B280"]
[Site "www.playchess.de"]
[Date "2001.04.19"]
[Round "2"]
[White "whatsleft2"]
[Black "CHARON"]
[WhiteElo "1885"]
[BlackElo "1557"]
[PlyCount "55"]
[Result "1-0"]

1.e4 {goodluck}  e5 2.Nf3 Nc6 3.d4 exd4 4.c3 dxc3 
5.Bc4 d6 6.O-O Be7 7.Nxc3 Nf6 8.h3 O-O 9.Bf4 Na5 
10.Be2 a6 11.Qc2 Be6 12.Rfd1 b5 13.e5 Ne8 14.b4 
Nc4 15.Bd3 h6 16.Bh7+ Kh8 17.Be4 Rb8 18.Nd4 Rb6 
19.a4 Bd7 20.axb5 axb5 21.Ra8 Rb8 22.Rxb8 Qxb8 
23.Nd5 dxe5 24.Nxe7 exd4 25.Rxd4 Ned6 26.Qc3 Nxe4 
27.Rxe4 Re8 28.Bxh6 1-0

[Event "HCL-A126"]
[Site "www.playchess.de"]
[Date "2001.04.19"]
[Round "1"]
[White "kazimierski"]
[Black "Rparkes"]
[WhiteElo "1800"]
[BlackElo "1664"]
[PlyCount "28"]
[Result "0-1"]

1.b4 e5 2.Bb2 Bxb4 3.Bxe5 Nf6 4.c4 Nc6 5.Bb2 O-O 
6.Nf3 d5 7.cxd5 Nxd5 8.e3 Bg4 9.Be2 Re8 10.O-O Bd6 
11.a3 Rb8 12.Re1 Bxf3 13.Bxf3 Be5 14.d4 
Bf6 0-1

[Event "HCL-C268"]
[Site "www.playchess.de"]
[Date "2001.04.19"]
[Round "10"]
[White "HrDoctor"]
[Black "yaroslav"]
[WhiteElo "1000"]
[BlackElo "1018"]
[PlyCount "65"]
[Result "1-0"]

1.e4 e5 2.Nf3 d6 3.Bc4 f5 4.d3 fxe4 5.dxe4 Bg4 
6.h3 Bxf3 7.Qxf3 Nf6 8.g4 Nc6 9.g5 Nd4 10.Qd3 d5 
11.gxf6 gxf6 12.exd5 Bg7 13.Rg1 Qd7 14.Nc3 b5 
15.Nxb5 O-O-O 16.Nxd4 exd4 17.Qxd4 Rhg8 18.Qxa7 
Qe7+ 19.Be3 Qd6 20.Bc5 Qe5+ 21.Kf1 Qxb2 22.Qa8+ 
Kd7 23.Qc6+ Kc8 24.Qa6+ Qb7 25.Rb1 Qxa6 26.Bxa6+ 
Kd7 27.Rb7 Rda8 28.Ra7 Rab8 29.Bb7 f5 30.c4 Be5 
31.Rxg8 Rxg8 32.Bc6+ Kc8 33.Ra8+ 1-0